000 00420nam a2200169Ia 4500
008 230718s9999 xx 000 0 und d
041 _aeng
082 _a621.395
_bMAN
100 _aMano M.M.
245 _aDigital Design
250 _a2nd ed.
260 _bPrentice-Hall Of India
300 _a608
365 _cRs.
_b375.00
700 _aMano M.M. & Ciletti M.D.
_9185645
906 _dB:440702-May-2008
_cETC
_b75
999 _c318880
_d318880